000
00309nam a22001217a 4500
008
160425b xxu||||| |||| 00| 0 eng d
020
_a
9780781747189
020
_a
078174718
041
_a
eng
080
_a
618.2
245
_a
Cardiac nursing:
_c
Susan L. Woods; Erika S. Sivarajan Froelicher;
942
_2
udc
_c
BK
999
_c
1575
_d
1575